000 01019cam a22003255a 4500
001 12946119
003 EG-ScBUE
005 20220426101723.0
008 020926s2002 enka f b 001 0deng d
020 _a0192801597
020 _a9780192801593
040 _aDLC
_beng
_erda
_cDLC
_dDLC
_dEG-ScBUE
043 _ae-fr---
082 0 4 _a410.92
_222
_bCUL
100 1 _aCuller, Jonathan D.,
_eauthor.
_939737
245 1 0 _aBarthes :
_ba very short introduction /
_cJonathan Culler.
264 1 _aOxford :
_bOxford University Press,
_c2002.
300 _a144 pages :
_billustrations ;
_c18 cm.
336 _2rdacontent
_atext
_btxt
337 _2rdamedia
_aunmediated
_bn
338 _2rdacarrier
_avolume
_bnc
490 0 _aVery short introductions ;
_v56
504 _aIncludes bibliographical references and index.
600 1 7 _aBarthes, Roland.
_2BUEsh
650 7 _aLinguists
_zFrance
_vBiography.
_2BUEsh
651 _2BUEsh
653 _bHHUUEENN
_cApril2017
655 _vReading book
_934232
942 _2ddc
_cBB
999 _c24735
_d24707